M Gorky The Man Who Was Afraid (Record no. 1221248)

MARC details
000 -LEADER
fixed length control field 00510nam a2200193Ia 4500
008 - FIXED-LENGTH DATA ELEMENTS--GENERAL INFORMATION
fixed length control field 151121s9999||||xx |||||||||||||| ||und||
082 ## - DEWEY DECIMAL CLASSIFICATION NUMBER
Classification number 823/BER
082 ## - DEWEY DECIMAL CLASSIFICATION NUMBER
Item number HNW-20678
100 ## - MAIN ENTRY--PERSONAL NAME
Personal name Bernstein Herman
245 ## - TITLE STATEMENT
Title M Gorky The Man Who Was Afraid
260 ## - PUBLICATION, DISTRIBUTION, ETC. (IMPRINT)
Name of publisher, distributor, etc "Ernest Benn Ltd।, London।"
260 ## - PUBLICATION, DISTRIBUTION, ETC. (IMPRINT)
Date of publication, distribution, etc --
300 ## - PHYSICAL DESCRIPTION
Extent 286
600 ## - SUBJECT ADDED ENTRY--PERSONAL NAME
Personal name Bernstein Herman
630 ## - SUBJECT ADDED ENTRY--UNIFORM TITLE
Uniform title M Gorky The Man Who Was Afraid
700 ## - ADDED ENTRY--PERSONAL NAME
Personal name Bernstein Herman
730 ## - ADDED ENTRY--UNIFORM TITLE
Uniform title M Gorky The Man Who Was Afraid
942 ## - ADDED ENTRY ELEMENTS (KOHA)
Koha item type Book
Holdings
Withdrawn status Lost status Damaged status Not for loan Home library Current library Date acquired Cost, normal purchase price Total Checkouts Full call number Barcode Date last seen Cost, replacement price Price effective from Koha item type
        Hirachand Nemchand Wachanalaya, Solapur Hirachand Nemchand Wachanalaya, Solapur 11/21/2015 290.00   HNW-20678 HNW-20678 11/21/2015 290.00 11/21/2015 Book